000 01127nam a22002770a 4500
001 PT18347
003 AR-LpoUNG
005 20210131232808.0
008 191001s1994||||ag |||||||||||||||||spa d
020 _a9505810468
_c$3.00
040 _aAR-LpoUNG
_bspa
_cAR-LpoUNG
_eaacr
041 _aspa
044 _aag
082 0 _aA861 985ant
100 1 _aMuschietti, Delfina
_esel.
245 1 0 _aPoesía Argentina del siglo XX :
_bantología
250 _a1§ edición, 4§ reimp.
260 _aBuenos Aires :
_bColihue,
_c1994.
300 _a166 p. :
_bfot.
520 _aEscritores: Leopoldo Lugones, Baldomero Fernández Moreno, Enrique Banchs, Oliverio Girondo, Alfonsina Storni, Celedonio Flores, Juan L. Ortíz, Luis L. Franco, Ricardo Molinari, Jorge L. Borges, José Pedroni, Francesco L. Bernárdez, Leopoldo Marechal, Mastronardi Carlos, Vicente Barbieri, Raúl González Tuñón, Homero Manzi, Atahualpa Yupanqui, Enrique Molina, Alberto Giri, Olga Orozco, Roberto Juaroz, Alejandra Pizanik.
650 4 _aLITERATURA
653 _aLITERATURA ARGENTINA
653 _aMAES
905 _a18347
942 _cLIB
999 _c17557
_d17557